| 000 | 01426nam a2200301 a 4500 | ||
|---|---|---|---|
| 001 | 65945 | ||
| 003 | BD-RjUL | ||
| 005 | 20211209081502.0 | ||
| 008 | 170126s1963 p s o00| 0 eng | ||
| 020 | _c: PRs. 7.00 | ||
| 035 | _a(BD-RjUL)66075 | ||
| 040 |
_aDLC _cDLC _dDLC _dBD-RjUL _beng |
||
| 041 | _aeng | ||
| 082 |
_a304.609549021 _223 _bPAP 1963 (CRTA) |
||
| 110 | 1 |
_aPakistan. _bMinistry of Home and Kashmir Affairs (Home Affairs Division). _9186432 |
|
| 245 | 1 | 0 |
_aPopulation census of Pakistan, 1961 : _bCensus Report of Tribal Agencies. Parts I-III : General description, population tables and village statistics. / _cPakistan. Ministry of Home and Kashmir Affairs (Home Affairs Division) ; Census organization (Pakistan) ; A. Rashid, [comp.] |
| 246 |
_aCensus Report of Tribal Agencies : _bParts I-III : General description, population tables and village statistics. |
||
| 260 |
_aKarachi : _bManager of publications, _c[1963]. |
||
| 300 |
_avarious pagings : _bIll. ; _c25 cm. |
||
| 490 |
_acensus, 61 ; _vNo. 161 |
||
| 650 |
_aTribal Population _zPakistan _zWest Pakistan _vCensus, 1961. _9195029 |
||
| 651 |
_aPakistan _xCensus, 1961. _9195030 |
||
| 651 |
_aPakistan _zWest Pakistan _xPopulation (Tribal) _vStatistics _y1961 _9195031 |
||
| 700 |
_aRashid, A. , [comp.] _9186708 |
||
| 710 |
_aCensus organization (Pakistan) _9186435 |
||
| 830 |
_acensus, 61 ; _vNo. 161 _9195048 |
||
| 942 |
_2ddc _cRAR |
||
| 999 |
_c65945 _d65945 |
||